Безопасната улица (Запис номер 17747)
[ съкратено ]
| 000 -Лидер | |
|---|---|
| Контролно поле с фиксирана дължина | 02017nam a2200421 c 4500 |
| 003 - Код на организацията, давaща контролен номер | |
| Контролно поле | BLK |
| 005 - Дата и час на последна редакция | |
| Контролно поле | 20240412171915.0 |
| 008 - Елементи от данни с фиксирана дължина | |
| fixed length control field | 180413b bul|||||r ||||||| ||bul|| |
| 010 ## - Наследен системен номер | |
| LC control number | KNG00019746000 |
| 020 ## - Международен стандартен номер на книга ISBN | |
| Международен стандартен номер на книга ISBN | 978-954-431-407-1 |
| -- | издат.: Златното пате |
| 040 ## - Източник на каталожния запис | |
| Идентификатор на билиотеката - собственик на записа | BLK |
| 041 ## - Код за език | |
| Код за езика на текст/звукозапис или на отделно заглавие | Български |
| Код за езика КДБФ | Български |
| 072 #7 - Код за тематичната категория | |
| Код организация | bullib |
| Код за тематична категория | Н85 |
| Текст | Детска художествена литература Н |
| 080 ## - УДК | |
| Текстов определител УДК | Руска литература |
| УДК код - определител по УДК | 821.161.1 |
| УДК определител | -93-1 |
| УДК - код + определител | 821.161.1-93-1 |
| 100 1# - Редна дума - Автор | |
| Автор | Косова, Галина Рудолфовна |
| Авторска отговорност | първи автор |
| R(LIN) | 82757 |
| 139 ## - Редно поле | |
| Редна дума | Косова, Галина |
| Авторски знак | Кос - К 86 |
| 245 10 - Сведения за заглавието | |
| Заглавие | Безопасната улица |
| Редно поле (дума) | Галина Рудолфовна Косова; Панчо Борисов Панчев; прев. в стихове Дядо Пънч; худож. М. Поркшеева. |
| 257 ## - Страна на издаване | |
| Страна на създаване/издаване | Русия |
| 260 ## - Област на издателските данни | |
| -- | София |
| Име на издателя, разпространителя и проч. | Златното пате |
| Година на издаване | 2008 |
| 300 ## - Физическа характеристика | |
| Страници | 6 с. |
| Илюстрации и др. | с цв. ил. |
| Размери/Мащаб | 22 см |
| 380 ## - Жанр | |
| Жанр | Детска худож. лит. |
| 490 1# - СЕРИИ (Колекции) | |
| Име на серия | Школа по безопасност за малчугани |
| 500 ## - Общи забележки | |
| Забележка | Кор. опис. - Без сведение за ориг. загл. - Дядо Пънч - псевд. на прев. Панчо Борисов Панчев. - Кн. е отпеч. на ламиниран картон. - Офс. изд. |
| 653 ## - Ключова дума – ненормативна | |
| Ключова дума | стихотворения за деца |
| 653 ## - Ключова дума – ненормативна | |
| Ключова дума | безопасност на движението |
| 653 ## - Ключова дума – ненормативна | |
| Ключова дума | литература за деца |
| 653 ## - Ключова дума – ненормативна | |
| Ключова дума | детска литература |
| 659 ## - Тематичен бюлетин | |
| Тематичен бюлетин | Н |
| 700 1# - Други автори (авторска отговорност) | |
| Лично име | Панчев, Панчо Борисов |
| 9 (RLIN) | 262274 |
| 700 1# - Други автори (авторска отговорност) | |
| Лично име | Дядо Пънч |
| Автороска отговорност (Описва отношението между автора и произведението) | прев. в стихове |
| Друга информация | Панчев, Панчо Борисов |
| 9 (RLIN) | 365182 |
| 700 1# - Други автори (авторска отговорност) | |
| Лично име | Поркшеева, М. |
| Автороска отговорност (Описва отношението между автора и произведението) | худож. |
| 9 (RLIN) | 262275 |
| 852 ## - Местоположение | |
| Форматна сигнатура | Цб 254484 |
| 856 4# - Електронен адрес и достъп | |
| Електронен формат | pdf - файл |
| Път до файла /url/ | |
| 856 4# - Електронен адрес и достъп | |
| Електронен формат | pdf - файл |
| Път до файла /url/ | |
| 942 ## - АРТИКУЛИ | |
| Вид на библиотечния материал | Книги |
| Скрит в OPAC | Не |
| Koha issues (borrowed), all copies | 15 |
| 944 ## - СЪЗДАВАНЕ И РЕДАКЦИЯ на ЗАПИСА | |
| Създаване/Редакция | Създаване |
| Дата на регистрацията/редакция | 29.02.2012 |
| Статус, дата на статуса | Грета Цуфелде |
| Служител, извършил регистрацията/редакцията | 30537 |
| 944 ## - СЪЗДАВАНЕ И РЕДАКЦИЯ на ЗАПИСА | |
| Създаване/Редакция | Редакция |
| Дата на регистрацията/редакция | 09.10.2014 |
| Статус, дата на статуса | ф / |
| Служител, извършил регистрацията/редакцията | |
| 999 ## - СИСТЕМНИ КОНТРОЛНИ НОМЕРА | |
| Koha biblionumber | 17747 |
| Koha biblioitemnumber | 17747 |
| Код за отписване | Код за изгубен артикул | Източник на класификационната схема | Код за повреда | Коз за рестрикции | Код за отдаване | Артикулен № | Име на библиотеката - собственик | Име на библиотеката, в която се намира в момента | Статус (Текущо местоположение) | Дата на вписване в системата | Местоположение - отдел | Цена в лева | Инвентарен номер | Систематично азбучна сигнатура | Баркод | Номер на екземпляра | Цена в евро | Служебна бележка | Служебен тип на артикула |
|---|---|---|---|---|---|---|---|---|---|---|---|---|---|---|---|---|---|---|---|
| Изтеглен | Не е изгубен | Universal Decimal Classification | Не е повреден | без рестрикции | заемане за дома | 29880 | Регионална библиотека "Любен Каравелов" Русе | Регионална библиотека "Любен Каравелов" Русе | Детски отдел | 2012-03-01 | Детски отдел | 3.50 | 120000756250 | ДХ 820/899/К 86 | 120000756250 | 1 | 1.79 | Дост: DA Вид: А N: 3 Дата: 01.03.2012 | Книги |
| Не е изгубен | Universal Decimal Classification | Не е повреден | без рестрикции | заемане за дома | 29881 | Регионална библиотека "Любен Каравелов" Русе | Регионална библиотека "Любен Каравелов" Русе | Детски отдел | 2014-09-12 | Детски отдел | 3.50 | 120000780768 | ДХ 820/899/К 86 | 120000780768 | 2 | 1.79 | Дост: DA Вид: А N: 18 Дата: 12.09.2014 Дата инв: 18.08.2015 Бележки инв: Д2015 | Книги |